LIBRARY & INFORMATION CENTRE, KCAET, TAVANUR

ONLINE PUBLIC ACCESS CATALOGUE (OPAC)

Internal combustion engines / (Record no. 8927)

MARC details
000 -LEADER
fixed length control field 00435cam a2200181ua 4500
041 ## - LANGUAGE CODE
Language code of text/sound track or separate title eng
082 ## - DEWEY DECIMAL CLASSIFICATION NUMBER
Classification number 621.43
Item number KER/IN
100 ## - MAIN ENTRY--AUTHOR NAME
Personal name Kerwani, H B .
245 ## - TITLE STATEMENT
Title Internal combustion engines /
250 ## - EDITION STATEMENT
Edition statement 2 /
260 ## - PUBLICATION, DISTRIBUTION, ETC. (IMPRINT)
Place of publication Delhi :
Name of publisher Standard Book House ,
Year of publication 1982.
300 ## - PHYSICAL DESCRIPTION
Number of Pages 735 ; .
942 ## - ADDED ENTRY ELEMENTS (KOHA)
Koha item type Books
Holdings
Withdrawn status Lost status Damaged status Home library Current library Date acquired Full call number Accession Number Koha item type
      KAUAET KAUAET 09/03/1987 621.43 16043 Books
free website counter